The Indian economy : (Record no. 105089)

MARC details
000 -LEADER
fixed length control field 00683nam a22002177a 4500
005 - DATE AND TIME OF LATEST TRANSACTION
control field 20161213145659.0
010 ## - LCCN (DPL NO)
LC control number ENG-116798
020 ## - INTERNATIONAL STANDARD BOOK NUMBER
Terms of availability 700.00
International Standard Book Number 9789351610762
020 ## - INTERNATIONAL STANDARD BOOK NUMBER
Terms of availability 700.00
International Standard Book Number 9351610764
035 ## - SYSTEM CONTROL NUMBER
System control number EN-100330
037 ## - SOURCE OF ACQUISITION
Source of stock number/acquisition DBAD/PUB
082 ## - DEWEY DECIMAL CLASSIFICATION NUMBER
Classification number 330.954
100 ## - MAIN ENTRY--PERSONAL NAME
Personal name Dhingra,Ishwar C.
245 ## - TITLE STATEMENT
Title The Indian economy :
Statement of responsibility, etc by Ishwar C. Dhingra
Remainder of title environment and policy /
250 ## - EDITION STATEMENT
Remainder of edition statement 29th ed.
260 ## - PUBLICATION, DISTRIBUTION, ETC. (IMPRINT)
Place of publication, distribution, etc New Delhi
Name of publisher, distributor, etc NIIR Project Consultany Serice
Date of publication, distribution, etc 2016
270 ## - ADDRESS
City New Delhi
Address 23, Daryaganj
Postal code 110002
300 ## - PHYSICAL DESCRIPTION
Extent xxi,865p. :
Dimensions 24cm(pbk)
Other physical details ill
500 ## - GENERAL NOTE
General note Includes bibliographical references and index
942 ## - ADDED ENTRY ELEMENTS (KOHA)
Source of classification or shelving scheme Dewey Decimal Classification
Item type English Books
Classification part 330.954
Call number suffix DHI
Holdings
Withdrawn status Lost status Not for loan Collection code Home library Current library Date acquired Source of acquisition Cost, normal purchase price Full call number Barcode Copy number Cost, replacement price Koha item type
      Non-fiction Central Jail Tihar Central Jail Tihar 13/12/2016 DBAD/PUB 700.00 330.954 EN-100330 1 700.00 English Books

© Delhi Public Library
Hit Counter
free hit counter